000
00319nam a22001337a 4500
008
170822b xxu||||| |||| 00| 0 eng d
020
_a
9780521499224
041
_a
eng
080
_a
51
100
_a
38
101
_a
MAT
245
_a
LECTURES ON LIE GROIPS AND LIE ALGEBRAS
_c
MACDIONALD.I
942
_2
udc
_c
BK
999
_c
24538
_d
24538